| 000 | 00533nam a22001817a 4500 | ||
|---|---|---|---|
| 003 | BD-ChCU | ||
| 005 | 20260226100211.0 | ||
| 008 | 260226b bg ||||| |||| 00| 0 ben d | ||
| 040 | _cBD-ChCU | ||
| 082 | _a581.5 TAP | ||
| 100 |
_aTansley , Arthur. _920617 |
||
| 245 |
_aIntroduction to plant ecology : _ba guide for beginners in the study of plant communities ./ _cArthur , Tansley . |
||
| 250 | _a3rd ed. | ||
| 260 |
_aLondon : _bAllen & Unwin , _cC 1962 |
||
| 300 | _a263p | ||
| 650 | 0 |
_aBotany . _920618 |
|
| 942 |
_2ddc _cBK _n0 |
||
| 999 |
_c111757 _d111757 |
||